书目信息 |
| 题名: |
录音
|
|
| 作者: | 厄格尔 著 ;罗德寿 译 | |
| 分册: | ||
| 出版信息: | 北京 中国电影出版社 1982 |
|
| 页数: | 349页 | |
| 开本: | 20cm | |
| 丛书名: | ||
| 单 册: | ||
| 中图分类: | J933 | |
| 科图分类: | ||
| 主题词: | 录音--手册 , 电影摄影 , 电视摄影 , 还音--手册 | |
| 电子资源: | ||
| ISBN: | ||
| 000 | 00700nam0 2200253 45 | |
| 001 | 0190015545 | |
| 005 | 20060819162615.28 | |
| 010 | @dCNY1.80 | |
| 100 | @a19921223d1982 em y0chiy0121 ea | |
| 101 | 0 | @achi@ceng |
| 102 | @aCN@b110000 | |
| 105 | @ay z 000yy | |
| 200 | 10 | @a录音@ALU YIN HUAN YIN SHI YONG JI SHU SHOU CE@f(美)约翰·厄格尔著@F(mei)yue han·e ge er zhu@g罗德寿译 |
| 210 | @a北京@c中国电影出版社@d1982 | |
| 215 | @a349页@d20cm | |
| 606 | @a录音@x手册 | |
| 606 | 0 | @a电影摄影 |
| 606 | 0 | @a电视摄影 |
| 606 | @a还音@x手册 | |
| 690 | @aJ933@v4 | |
| 701 | 0 | @a厄格尔@Ae ge er@4著 |
| 702 | 0 | @a罗德寿@Aluo de shou@4译 |
| 801 | 0 | @aCN@bTSSF@c20060819 |
| 905 | @a10447@dJ933@e126 | |
| 录音/(美)约翰·厄格尔著/罗德寿译.-北京:中国电影出版社,1982 |
| 349页;20cm |
| ISBN :CNY1.80 |
| ● |
| 相关链接 |
|
|
|
|
正题名:录音
索取号:J933/126
 
预约/预借
| 序号 | 登录号 | 条形码 | 馆藏地/架位号 | 状态 | 备注 |
| 1 | 0421461 | 204214616 | 密集书库/ [索取号:J933/126] | 在馆 | |
| 2 | 0466958 | 204669581 | 密集书库/ [索取号:J933/126] | 在馆 |